Využitie techník a metód v kontrolovaní

Využitie metód a techník v oblasti kontrolovania, nakoľko podnikateľské subjekty sú vystavené v podnikateľskom prostredí spleti zložitostí a turbulencií. Využitie metód a techník v rozhodovaní prezentovaných v niekoľkých ilustračných príkladoch, ktoré môžu byť veľkým prínosom pre podnikateľskú prax.

Uložené v:
Podrobná bibliografia
Hlavný autor: Mišúnová Hudáková, Ivana, 1976-
Médium: Kapitola
Jazyk:Slovak
Predmet:
Tagy: Pridať tag
Žiadne tagy, Buďte prvý, kto otaguje tento záznam!

MARC

LEADER 00000naa$a2200000$$$4500
001 0260312
005 20240502074123.2
041 0 |a slo 
044 |a SK 
245 1 0 |a Využitie techník a metód v kontrolovaní  |c Ivana Mišúnová Hudáková 
520 |a Využitie metód a techník v oblasti kontrolovania, nakoľko podnikateľské subjekty sú vystavené v podnikateľskom prostredí spleti zložitostí a turbulencií. Využitie metód a techník v rozhodovaní prezentovaných v niekoľkých ilustračných príkladoch, ktoré môžu byť veľkým prínosom pre podnikateľskú prax. 
610 2 0 |a kontroling 
610 2 0 |a kontrola 
610 2 0 |a technika 
610 2 0 |a metódy 
100 1 |a Mišúnová Hudáková, Ivana, 1976-